000 00333nam a22001337a 4500
008 170814b xxu||||| |||| 00| 0 eng d
020 _a0070575401
041 _aeng
080 _a51
100 _a36
101 _aMAT
245 _aDIFERENTIAL EDUSTIONS WIT APPLICATIONS AND HISTORICAL NOTES
_cSIMMONS.G.F
942 _2udc
_cBK
999 _c23294
_d23294